[Event "ZI-2013-0-01617"]
[Site "LSS email"]
[Date "2013.05.27"]
[Round "?"]
[White "Flis, Lucyna"]
[Black "Habes, Jiri"]
[Result "1/2-1/2"]
[WhiteElo "1469"]
[BlackElo "1664"]
[PlyCount "92"]
[EventDate "2013.05.19"]
[EventType "match (corr)"]
[EventRounds "2"]
[EventCountry "GER"]
[SourceTitle "Telechess CBM 165"]
[Source "ChessBase"]
[SourceDate "2015.03.11"]
[SourceVersion "1"]
[SourceVersionDate "2015.03.11"]
[SourceQuality "1"]

1. c4 e5 2. g3 Nf6 3. Bg2 d5 4. cxd5 Nxd5 5. Nf3 Nc6 6. 0-0 Be7 7. Nc3 Nb6 8. Rb1 a5 9. d3 0-0 10. Be3 Be6 11. d4 exd4 12. Nxd4 Nxd4 13. Bxd4 c6 14. Qd3 a4 15. Be4 g6 16. f4 Ra5 17. Rfd1 Qc7 18. Bf3 Rd8 19. Qc2 Nd5 20. Nxd5 Bxd5 21. Bc3 Raa8 22. Bxd5 cxd5 23. e3 Qc4 24. Qd3 Bc5 25. Bf6 Rdc8 26. Qxd5 Bxe3+ 27. Kg2 Qxd5+ 28. Rxd5 Rc6 29. Bc3 a3 30. Rd3 Bb6 31. b4 Re6 32. Re1 Rc6 33. Kh3 Kf8 34. Be5 Rc2 35. Rd7 Rd8 36. Rxb7 Bf2 37. Ra1 Ke8 38. b5 Rd7 39. Rb8+ Ke7 40. b6 Rdd2 41. Bc3 Re2 42. Rc8 Bxb6 43. Bb4+ Ke6 44. Rxc2 Rxc2 45. Bxa3 Bd4 46. Rd1 Rxa2 1/2-1/2

[Event "OP-2013-0-02712"]
[Site "LSS email"]
[Date "2013.04.03"]
[Round "?"]
[White "Flis, Lucyna"]
[Black "Vontina, Maria"]
[Result "1-0"]
[WhiteElo "1472"]
[BlackElo "772"]
[PlyCount "55"]
[EventDate "2013.03.30"]
[EventType "tourn (corr)"]
[EventRounds "4"]
[EventCountry "GER"]
[SourceTitle "Telechess CBM 159"]
[Source "ChessBase"]
[SourceDate "2014.03.17"]
[SourceVersion "1"]
[SourceVersionDate "2014.03.17"]
[SourceQuality "1"]

1. d4 Nf6 2. c4 g6 3. Nc3 Bg7 4. e4 d6 5. Nf3 0-0 6. Be2 Nc6 7. 0-0 a6 8. d5 Nb8 9. h3 e5 10. Be3 Ne8 11. b4 Nf6 12. c5 Nbd7 13. cxd6 cxd6 14. Rc1 b5 15. a4 bxa4 16. Qxa4 Re8 17. Nd2 Rf8 18. Qc6 Rb8 19. Qxd6 Bb7 20. b5 axb5 21. Nxb5 Ne8 22. Qa3 Bc8 23. Rfd1 Nef6 24. Ba7 Rb7 25. Nd6 Rc7 26. Rxc7 Qxc7 27. Rc1 Qd8 28. Nxc8 1-0

[Event "OP-2013-0-02665"]
[Site "LSS email"]
[Date "2013.02.25"]
[Round "?"]
[White "Molina, Vicente Andres"]
[Black "Flis, Lucyna"]
[Result "0-1"]
[WhiteElo "773"]
[BlackElo "1472"]
[PlyCount "48"]
[EventDate "2013.02.22"]
[EventType "tourn (corr)"]
[EventRounds "4"]
[EventCountry "GER"]
[SourceTitle "Telechess CBM 161"]
[Source "ChessBase"]
[SourceDate "2014.07.16"]
[SourceVersion "1"]
[SourceVersionDate "2014.07.16"]
[SourceQuality "1"]

1. e4 d5 2. d4 dxe4 3. Nc3 Nf6 4. Bc4 Bg4 5. Nge2 Nc6 6. Be3 e5 7. dxe5 Nxe5 8. Qxd8+ Kxd8 9. 0-0-0+ Bd6 10. Nb5 Nxc4 11. Nxd6 cxd6 12. Rhe1 Nxe3 13. fxe3 Bxe2 14. Rxe2 Ke7 15. Red2 d5 16. Rd4 Rac8 17. h3 h5 18. g4 hxg4 19. hxg4 Nxg4 20. Rxd5 Nxe3 21. Rd7+ Ke6 22. R1d6+ Ke5 23. Kd2 Rxc2+ 24. Kxe3 Rh3# 0-1

[Event "OP-2013-0-02665"]
[Site "LSS email"]
[Date "2013.02.25"]
[Round "?"]
[White "Sandocal, Uzmir"]
[Black "Flis, Lucyna"]
[Result "1/2-1/2"]
[WhiteElo "1402"]
[BlackElo "1472"]
[PlyCount "46"]
[EventDate "2013.02.22"]
[EventType "tourn (corr)"]
[EventRounds "4"]
[EventCountry "GER"]
[SourceTitle "Telechess CBM 161"]
[Source "ChessBase"]
[SourceDate "2014.07.16"]
[SourceVersion "1"]
[SourceVersionDate "2014.07.16"]
[SourceQuality "1"]

1. c3 Nf6 2. d4 d5 3. Nf3 Bf5 4. Qb3 Qc8 5. Bg5 Nbd7 6. c4 dxc4 7. Qxc4 c5 8. e3 e6 9. Bxf6 Nxf6 10. Qa4+ Nd7 11. Nc3 a6 12. dxc5 Bxc5 13. Rd1 b5 14. Qf4 0-0 15. Bd3 Bxd3 16. Rxd3 Be7 17. 0-0 Nc5 18. Rd2 Qb8 19. Qxb8 Rfxb8 20. Ne2 Rd8 21. Ned4 Rac8 22. Rc1 Nd3 23. Rxc8 Rxc8 1/2-1/2

[Event "OP-2012-0-02518"]
[Site "LSS email"]
[Date "2012.11.29"]
[Round "?"]
[White "Flis, Lucyna"]
[Black "O'Donnell, Hugh"]
[Result "1-0"]
[WhiteElo "1472"]
[BlackElo "611"]
[PlyCount "23"]
[EventDate "2012.11.24"]
[EventType "tourn (corr)"]
[EventRounds "4"]
[EventCountry "GER"]
[SourceTitle "Corr 2015"]
[Source "ChessBase"]
[SourceDate "2015.07.17"]
[SourceVersion "1"]
[SourceVersionDate "2015.07.17"]
[SourceQuality "1"]

1. d4 d5 2. c4 c5 3. cxd5 Qxd5 4. e3 Nc6 5. Nc3 Qd7 6. d5 Ne5 7. Bb5 Nc6 8. Qf3 Qf5 9. dxc6 Qxf3 10. Nxf3 b6 11. Nd5 Kd8 12. c7# 1-0